000 00794nam a2200241 a 4500
001 7347
003 BD-RjUL
005 20211208234413.0
008 140113s1949 ctu b 001 0 eng d
035 _a(BD-RjUL)7390
040 _aANL
_beng
_cANL
_dANL
_dBD-RjUL
041 _aeng
082 0 0 _a342.94
_bCRP 1949
100 1 _aCrisp, L. F.
_q(Leslie Finlay),
_d1917-1984.
_922953
245 1 4 _aThe parliamentary government of the Commonwealth of Australia /
_cby L.F. Crisp.
260 _aNew Haven :
_bYale University Press,
_c1949.
300 _ax, 344 p. ;
_c23 cm.
500 _aIncludes index.
504 _aBibliography: p. 308-314.
651 0 _aAustralia
_xPolitics and government
_y1901-1945.
_922954
651 0 _aAustralia
_xPolitics and government
_y1945-1965.
_922955
942 _2ddc
_cBK
999 _c7347
_d7347